[Event "2008 Standard Chess Dropout Tournament, Round 3"]
[Site "SchemingMind.com"]
[Date "2008.07.21"]
[Round "3"]
[White "Dan Geana"]
[Black "chesshub"]
[Result "0-1"]
[WhiteCountry "ROU"]
[BlackCountry "FRA"]
[WhiteElo "2279"]
[WhiteRD "116"]
[BlackElo "2477"]
[BlackRD "64"]
[GameID "164398"]

1. e4 c5 2. Nf3 d6 3. d4 cxd4 4. Nxd4 Nf6 5. Nc3 a6 6. Bg5 e6 7. f4 Qc7 8. Qf3 b5 9. Bxf6 gxf6 10. e5 d5
11. exf6 b4 12. Nxd5 exd5 13. O-O-O Bb7 14. Qh5 Qxf4+ 15. Kb1 Nd7 16. Ne6 Qe5 17. Qxe5 Nxe5 18. Nc7+ Kd7 19. Nxa8 Bc5 20. Bxa6 Bxa8
21. Rhf1 Ng4 22. Bb5+ Kc7 23. Rde1 Ne3 24. Rf2 d4 25. g3 h5 26. Ba4 Be4 27. Kc1 Bd6 28. Bb3 Bg6 29. Rg1 Rc8 30. Re1 Kb6
31. Kb1 Be5 32. Kc1 Ng4 33. Rd2 Bxf6 34. Kb1 Ne3 35. Rf2 Be5 36. Ree2 f6 37. Rd2 h4 38. gxh4 Rh8 39. Be6 Rxh4 40. a4 bxa3
41. bxa3 Be4 42. a4 Ka5 43. Bd7 Rh7 44. Bb5 Rg7
0-1

[Event "2008 Standard Chess Dropout Tournament, Round 3"]
[Site "SchemingMind.com"]
[Date "2008.07.26"]
[Round "3"]
[White "pjl1015"]
[Black "Apocalypse"]
[Result "1-0"]
[WhiteCountry "USA"]
[BlackCountry "USA"]
[WhiteElo "2431"]
[WhiteRD "89"]
[BlackElo "2350"]
[BlackRD "73"]
[GameID "164399"]

1. e4 e5 2. Nf3 Nc6 3. d4 exd4 4. Nxd4 Bc5 5. Be3 Qf6 6. c3 Qg6 7. Nb5 Bxe3 8. Nxc7+ Kd8 9. Nxa8 Bf4 10. Qf3 Bh6
11. Qg3 Nf6 12. Na3 Nxe4 13. Qxg6 hxg6 14. Nb5 b6 15. f3 Nf6 16. Kf2 Bf4 17. Nxa7 Nxa7 18. Nxb6 Bb7 19. Bd3 Nc6 20. a4 Rxh2
21. Bc4 Rxh1 22. Rxh1 Kc7 23. Nd5+ Nxd5 24. Bxd5 f5 25. Rd1 Be5 26. Ke3 f4+ 27. Kd2 Bc8 28. b4 Ne7 29. Be4 d5 30. Bd3 Bd6
31. Ra1 d4 32. Rc1 dxc3+ 33. Kxc3 Kb8 34. b5 Be5+= 35. Kb3 Bc7 36. Re1 Nd5 37. Re8 Nf6 38. Re7 Nd7 39. Bc2 Nf8 40. Be4 Nd7
41. Rxg7 Nc5+ 42. Kb4 Bd6 43. Ka5 Be5 44. Rg8 Nxe4 45. fxe4 Kc7 46. b6+ Kd7 47. Rxg6 Bb7 48. Rg5 Bc3+ 49. Kb5 Bxe4 50. a5
1-0

[Event "2008 Standard Chess Dropout Tournament, Round 3"]
[Site "SchemingMind.com"]
[Date "2008.07.22"]
[Round "3"]
[White "Quirine"]
[Black "Ashmaster"]
[Result "0-1"]
[WhiteCountry "NED"]
[BlackCountry "IRL"]
[WhiteElo "1873"]
[WhiteRD "88"]
[BlackElo "1914"]
[BlackRD "85"]
[GameID "164400"]

1. d4 Nf6 2. Nf3 e6 3. c4 d5 4. Nc3 Be7 5. Bg5 O-O 6. e3 h6 7. Bh4 b6 8. Rc1 Bb7 9. cxd5 Nxd5 10. Bxe7 Qxe7
11. Bd3 Rc8 12. O-O c5 13. Ne4 Nb4 14. dxc5 Nxd3 15. Qxd3 Ba6 16. Qd6 Qb7 17. cxb6 Bxf1 18. Rxc8+ Qxc8 19. b7 Qxb7 20. Nc5 Qb5
21. b3 Na6 22. Nd7 Be2 23. Nd4 Qa5 24. b4 Qxb4 25. Qxb4 Nxb4 26. a3 Na2 27. Nxe2 Rd8
0-1

[Event "2008 Standard Chess Dropout Tournament, Round 3"]
[Site "SchemingMind.com"]
[Date "2008.07.21"]
[Round "3"]
[White "Rimfaxe"]
[Black "29A"]
[Result "1-0"]
[WhiteCountry "DEN"]
[BlackCountry "CAN"]
[WhiteElo "1855"]
[WhiteRD "112"]
[BlackElo "1841"]
[BlackRD "77"]
[GameID "164401"]

1. d4 d5 2. c4 c6 3. Nf3 Nf6 4. Nc3 e6 5. Bg5 dxc4 6. e4 b5 7. e5 h6 8. Bh4 g5 9. Nxg5 hxg5 10. Bxg5 Nbd7
11. exf6 Bb7 12. g3 c5 13. d5 Nxf6 14. Bg2 Be7 15. O-O Nxd5 16. Bxe7 Kxe7 17. Nxb5 Qb6 18. a4 Rad8 19. Qc2 Nb4 20. Qxc4 Rd4
21. Nxd4
1-0

[Event "2008 Standard Chess Dropout Tournament, Round 3"]
[Site "SchemingMind.com"]
[Date "2008.07.30"]
[Round "3"]
[White "saxon"]
[Black "Mariazb"]
[Result "1/2-1/2"]
[WhiteCountry "GER"]
[BlackCountry "ARG"]
[WhiteElo "2401"]
[WhiteRD "114"]
[BlackElo "2289"]
[BlackRD "80"]
[GameID "164402"]

1. e4 c5 2. Nf3 d6 3. d4 cxd4 4. Nxd4 Nf6 5. Nc3 a6 6. Be3 Ng4 7. Bg5 h6 8. Bh4 g5 9. Bg3 Bg7 10. h3 Ne5
11. f3 Nbc6 12. Bf2 Nxd4 13. Bxd4 Qa5 14. Qd2 Be6 15. a3 O-O 16. h4 Ng6 17. hxg5 hxg5 18. O-O-O Bxd4 19. Qxd4 Qe5 20. Qb6 Qc5
21. Qxc5 dxc5 22. g3 Rad8 23. Rxd8=
1/2-1/2

[Event "2008 Standard Chess Dropout Tournament, Round 3"]
[Site "SchemingMind.com"]
[Date "2008.07.22"]
[Round "3"]
[White "Silvy"]
[Black "jdcald13"]
[Result "1-0"]
[WhiteCountry "ITA"]
[BlackCountry "USA"]
[WhiteElo "2297"]
[WhiteRD "122"]
[BlackElo "1950"]
[BlackRD "77"]
[GameID "164403"]

1. d4 Nf6 2. Nf3 g6 3. Bf4 Bg7 4. e3 O-O 5. h3 d5 6. Nbd2 Nbd7 7. Be2 c5 8. c3 cxd4 9. exd4 a6 10. O-O b5
11. a4 bxa4 12. Qxa4 Qb6 13. Qa5 Bb7 14. Qxb6 Nxb6 15. Ra5 Ne4 16. Rfa1 Nxd2 17. Nxd2
1-0

[Event "2008 Standard Chess Dropout Tournament, Round 3"]
[Site "SchemingMind.com"]
[Date "2008.07.31"]
[Round "3"]
[White "Tanis"]
[Black "Orange Lion"]
[Result "1/2-1/2"]
[WhiteCountry "CHN"]
[BlackCountry "NED"]
[WhiteElo "2083"]
[WhiteRD "87"]
[BlackElo "2318"]
[BlackRD "87"]
[GameID "164404"]

1. e4 e6 2. d4 d5 3. Nc3 Bb4 4. e5 c5 5. a3 Bxc3+ 6. bxc3 Ne7 7. Qg4 O-O 8. Bd3 Nbc6 9. Qh5 Ng6 10. Nf3 Qc7
11. Be3 c4 12. Bxg6 fxg6 13. Qg4 Bd7 14. O-O Qa5 15. Bd2 Qa4 16. Rfb1 b6 17. Rb2 Rae8 18. Qh3 h6 19. Qg4 Ne7 20. Nh4 Kh7
21. Raa2 Rf7 22. Nf3 Kg8 23. Nh4 Ref8 24. Rb1 g5 25. Nf3 Nf5 26. Qh3= g6 27. Rb4 Qa6 28. Qg4 Kg7 29. Bc1 Qa5=
1/2-1/2

[Event "2008 Standard Chess Dropout Tournament, Round 3"]
[Site "SchemingMind.com"]
[Date "2008.07.22"]
[Round "3"]
[White "Theodoric"]
[Black "Ingemar Assarsjö"]
[Result "1/2-1/2"]
[WhiteCountry "ENG"]
[BlackCountry "SWE"]
[WhiteElo "2030"]
[WhiteRD "69"]
[BlackElo "1881"]
[BlackRD "106"]
[GameID "164405"]

1. e4 e5 2. Nf3 Nc6 3. Bc4 Nf6 4. Ng5 d5 5. exd5 Na5 6. Bb5+ c6 7. dxc6 bxc6 8. Be2 h6 9. Nf3 e4 10. Ne5 Bd6
11. d4 exd3 12. Nxd3 Qc7 13. Nd2 Bxh2 14. a3 Bd6 15. b4 Nb7 16. Bb2 Qe7 17. O-O O-O 18. Bf3 Nd8 19. Re1 Be6 20. Nc4 Nd5
21. Nxd6 Qxd6 22. Be5 Qd7 23. Nc5 Qc8 24. Qd4 f6 25. Bd6 Re8 26. Bh5 Nf7 27. Rad1 Bf5 28. Bxf7+ Kxf7 29. c4 Rd8 30. cxd5 Rxd6
31. Qc4 Rxd5 32. Rxd5 cxd5 33. Qxd5+ Kg6 34. Re7 Qf8 35. Rc7 a5 36. b5 Rd8 37. Qb3 Qd6 38. Qf7+ Kg5 39. Qxg7+ Kh5 40. Nb7 Qd1+
41. Kh2 Rd4 42. Rc4 Qd2 43. Rxd4 Qxd4 44. Qf7+ Kg5 45. Qg8+ Bg6 46. Qb8 a4 47. Qg3+ Kf5 48. Na5 Be8 49. Nc6 Bxc6 50. bxc6 Ke6
51. Qg8+ Ke7 52. c7 Qf4+ 53. g3 Qxf2+ 54. Kh3 Qf1+ 55. Kh2=
1/2-1/2

[Event "2008 Standard Chess Dropout Tournament, Round 3"]
[Site "SchemingMind.com"]
[Date "2008.07.21"]
[Round "3"]
[White "time_pressure"]
[Black "bull mccabe"]
[Result "1-0"]
[WhiteCountry "USA"]
[BlackCountry "IRL"]
[WhiteElo "2266"]
[WhiteRD "81"]
[BlackElo "1699"]
[BlackRD "79"]
[GameID "164406"]

1. e4 c5 2. Nf3 Nc6 3. d4 cxd4 4. Nxd4 e5 5. Nb5 d6 6. Bc4 Nf6 7. Bg5 Be7 8. Bxf6 Bxf6 9. Nxd6+ Ke7 10. Nxc8+ Qxc8
11. Nc3 Rd8 12. Qh5
1-0

[Event "2008 Standard Chess Dropout Tournament, Round 3"]
[Site "SchemingMind.com"]
[Date "2008.07.21"]
[Round "3"]
[White "Space"]
[Black "willygor"]
[Result "1-0"]
[WhiteCountry "SWE"]
[BlackCountry "ARG"]
[WhiteElo "2222"]
[WhiteRD "76"]
[BlackElo "1818"]
[BlackRD "99"]
[GameID "164407"]

1. e4 e6 2. d4 d6 3. Nf3 Be7 4. c4 c6 5. Nc3 Bd7 6. Bd3 Na6 7. O-O Nc7 8. Qe2 b5 9. cxb5 Nf6 10. bxc6 Bxc6
11. Bf4 O-O 12. h3 Rb8 13. Rab1 Qd7 14. Rfc1 h6 15. Qe3 Nh5 16. Bxh6 gxh6 17. Qxh6 Ng7 18. d5 Bb5 19. Nxb5 Nxb5 20. e5 f5
21. exf6 Bxf6 22. Qh7+ Kf7 23. dxe6+ Kxe6 24. Re1+ Kf7 25. Bg6#
1-0

[Event "2008 Standard Chess Dropout Tournament, Round 3"]
[Site "SchemingMind.com"]
[Date "2008.07.26"]
[Round "3"]
[White "traxla"]
[Black "boojiboy"]
[Result "1-0"]
[WhiteCountry "USA"]
[BlackCountry "USA"]
[WhiteElo "2127"]
[WhiteRD "109"]
[BlackElo "1779"]
[BlackRD "86"]
[GameID "164408"]

1. d4 d5 2. c4 c6 3. Nf3 Nf6 4. Nc3 e6 5. e3 a6 6. Bd3 dxc4 7. Bxc4 Bb4 8. a3 Ba5 9. O-O O-O 10. Qc2 Bxc3
11. bxc3 Nbd7 12. a4 Nb6 13. Bd3 Qe7 14. Ba3 Qe8 15. Bxf8 Qxf8 16. Ng5 g6 17. a5 Nbd5 18. Qd2 Qh6 19. Nf3 Ng4 20. c4 Ne7
21. h3 Nf6 22. Qb4 Nf5 23. e4 Ng7 24. e5 Nfh5 25. g3 Nxg3 26. fxg3 Qe3+ 27. Rf2 Qxd3 28. Ra3 Qf5 29. g4 Qf4 30. c5 Ne8
31. Nd2 Qg5 32. Raf3 Qe7 33. Nc4 Rb8 34. Rxf7 Qxf7 35. Rxf7 Kxf7 36. Qd2 Kg7 37. Qg5 Kf7 38. Nd6+ Nxd6 39. cxd6
1-0

[Event "2008 Standard Chess Dropout Tournament, Round 3"]
[Site "SchemingMind.com"]
[Date "2008.07.21"]
[Round "3"]
[White "willygor"]
[Black "Theodoric"]
[Result "0-1"]
[WhiteCountry "ARG"]
[BlackCountry "ENG"]
[WhiteElo "1805"]
[WhiteRD "101"]
[BlackElo "2024"]
[BlackRD "74"]
[GameID "164409"]

1. e4 e6 2. d4 d5 3. exd5 exd5 4. Bd3 Bd6 5. Nf3 Nf6 6. O-O O-O 7. Bg5 Be7 8. c3 h6 9. Bh4 Re8 10. Re1 Be6
11. Nbd2 Nfd7 12. Bxe7 Rxe7 13. Qc2 Nf6 14. h3 Nc6 15. Nb3 Qd6 16. Nc5 Bc8 17. Rxe7 Nxe7 18. Re1 b6 19. Nb3 Kf8 20. Ne5 Kg8
21. Nd2 c5 22. dxc5 bxc5 23. Nef3 Be6 24. a3 c4 25. Bf1 Rb8 26. Nd4 Nc6 27. Nxc6 Qxc6 28. Nf3 Qb7 29. Re2 Ne4 30. Nd4 a6
31. Nxe6 fxe6 32. g3 Qb3 33. Bg2 Qxc2 34. Rxc2 Nc5 35. f4 g6 36. b4 cxb3
0-1

[Event "2008 Standard Chess Dropout Tournament, Round 4"]
[Site "SchemingMind.com"]
[Date "2008.12.06"]
[Round "4"]
[White "Apocalypse"]
[Black "C. H. O'D. Schlechter"]
[Result "1/2-1/2"]
[WhiteCountry "USA"]
[BlackCountry "USA"]
[WhiteElo "2564"]
[WhiteRD "68"]
[BlackElo "2419"]
[BlackRD "78"]
[GameID "181278"]

1. f4 e5 2. Nc3 exf4 3. Nf3 Be7 4. h4 Nf6 5. d4 Nh5 6. e4 O-O 7. Bd3 d6 8. Ng5 g6 9. Nd5 Nc6 10. c3 f6
11. Nf3 f5 12. exf5 Bxf5 13. Bc4 Be6 14. Qe2 Bf7 15. O-O Bxh4 16. Bxf4 Kg7 17. Nxh4 Bxd5 18. Bh6+ Kxh6 19. Rxf8 Qxf8 20. Bxd5 Re8
21. Rf1 Rxe2 22. Rxf8 Rxb2 23. Rf7 Na5 24. Nf3 Rb5 25. c4 Rb1+ 26. Kh2 Rb2 27. Kh3 g5 28. Be4 Nf4+ 29. Kh2 Ng6 30. Kg3 Nxc4
31. Nh2 Ne3 32. Kf3 Rxg2 33. Nf1 d5 34. Bd3 Nc2 35. Kxg2 Nf4+ 36. Kg3 Nxd3 37. Rxc7 Nxd4 38. Rxb7 Nf5+ 39. Kh2 g4 40. Rxa7 Kg6
41. a4 h5 42. a5 h4 43. a6 g3+ 44. Kg1 Nf4 45. Rb7 Nd4 46. Nxg3 hxg3 47. Kf1 Nde2 48. Rb1 g2+ 49. Kf2 Nc3 50. Rb8 Nd1+
51. Kg1 Nc3 52. Rg8+ Kh7 53. Rxg2 Nb5 54. Rb2 Nc7 55. Rb6 Nxa6= 56. Rxa6 Kg7 57. Kf2 Kf7 58. Ra4 Ne6 59. Ra3 Kf6 60. Rg3 d4
61. Rg4 Ke5 62. Ke2 Kd5 63. Kd1 Ke5 64. Ke2=
1/2-1/2

[Event "2008 Standard Chess Dropout Tournament, Round 4"]
[Site "SchemingMind.com"]
[Date "2008.12.06"]
[Round "4"]
[White "Ashmaster"]
[Black "saxon"]
[Result "1/2-1/2"]
[WhiteCountry "IRL"]
[BlackCountry "GER"]
[WhiteElo "2007"]
[WhiteRD "93"]
[BlackElo "2350"]
[BlackRD "116"]
[GameID "181279"]

1. d4 Nf6 2. c4 e6 3. Nf3 b6 4. g3 Ba6 5. b3 Bb4+ 6. Bd2 Be7 7. Bg2 c6 8. O-O d5 9. Ne5 Nfd7 10. Nxd7 Nxd7
11. Bc3 O-O 12. Nd2 Nf6 13. e4 dxe4 14. Nxe4 b5 15. Nxf6+ Bxf6 16. Bb4 bxc4 17. Bxf8 Qxf8 18. bxc4 Bxc4 19. Re1 Rd8 20. Qc2 Rxd4
21. Rad1 Bd5 22. Bxd5 cxd5 23. Qc7=
1/2-1/2

[Event "2008 Standard Chess Dropout Tournament, Round 4"]
[Site "SchemingMind.com"]
[Date "2008.12.03"]
[Round "4"]
[White "Ingemar Assarsjö"]
[Black "Gordon"]
[Result "0-1"]
[WhiteCountry "SWE"]
[BlackCountry "ENG"]
[WhiteElo "1885"]
[WhiteRD "116"]
[BlackElo "2365"]
[BlackRD "85"]
[GameID "181280"]

1. e4 c5 2. Nf3 d6 3. d4 cxd4 4. Nxd4 Nf6 5. Nc3 g6 6. Be3 Bg7 7. f3 O-O 8. Qd2 Nc6 9. O-O-O d5 10. exd5 Nxd5
11. Nxc6 bxc6 12. Nxd5 cxd5 13. Qxd5 Qc7 14. Qc5 Qb7 15. c3 Bf5 16. Qa3 Rab8 17. Ba6 Qc6 18. Bd3 Qd5 19. Bxf5 Qxf5 20. Rhf1 Rfc8
21. g4 Qb5 22. Rf2 Bf8 23. Qxa7 e5 24. Qd7 Qa5 25. Rdd2 Ba3 26. Kd1 Bxb2 27. Rxb2 Rd8 28. Rxb8 Qa4+ 29. Ke1 Qxd7 30. Rd2 Qxd2+
31. Bxd2 Rxb8 32. Bc1 Rb1 33. Kd2 Ra1 34. a3 Ra2+ 35. Kd3 Rxh2 36. f4 exf4 37. Bxf4 Rh4 38. c4 Rxg4 39. Bd6 f5 40. a4 Kf7
41. a5 Ke6 42. Bc5 Kd7 43. a6 Kc6 44. a7 Kb7 45. Bb6 h5 46. c5 Ra4
0-1

[Event "2008 Standard Chess Dropout Tournament, Round 4"]
[Site "SchemingMind.com"]
[Date "2008.12.06"]
[Round "4"]
[White "C. H. O'D. Schlechter"]
[Black "Silvy"]
[Result "1/2-1/2"]
[WhiteCountry "USA"]
[BlackCountry "ITA"]
[WhiteElo "2469"]
[WhiteRD "74"]
[BlackElo "2322"]
[BlackRD "99"]
[GameID "181281"]

1. e4 c6 2. d4 d5 3. e5 Bf5 4. Nf3 e6 5. Be2 Nd7 6. O-O Ne7 7. Nh4 Bg6 8. Nd2 c5 9. c3 Nc6 10. Nxg6 hxg6
11. Nf3 Be7 12. Be3 a6 13. Qd2 b5 14. a4 b4 15. dxc5 Nxc5 16. Bxc5 Bxc5 17. Rac1 Qb6 18. c4 Rd8 19. Qf4 O-O 20. cxd5 Rxd5
21. Bc4 Nd4 22. Ng5 Be7 23. Rfd1 Rd7 24. b3=
1/2-1/2

[Event "2008 Standard Chess Dropout Tournament, Round 4"]
[Site "SchemingMind.com"]
[Date "2008.12.01"]
[Round "4"]
[White "chesshub"]
[Black "John Elburg"]
[Result "1/2-1/2"]
[WhiteCountry "FRA"]
[BlackCountry "NED"]
[WhiteElo "2451"]
[WhiteRD "67"]
[BlackElo "2377"]
[BlackRD "99"]
[GameID "181282"]

1. e4 e5 2. Nf3 Nc6 3. Bb5 Nf6 4. O-O Nxe4 5. d4 Nd6 6. Bxc6 dxc6 7. dxe5 Nf5 8. Qxd8+ Kxd8 9. Nc3 Ne7 10. h3 h6
11. Be3 Ng6 12. Rad1+ Ke8 13. a3 Be7 14. Rfe1 Bd7 15. Ne4 Bf5 16. Bd2 Rd8 17. g4 Bxe4 18. Rxe4 Bg5 19. Kf1 c5 20. Rc4 b6
21. b4 Be7 22. Ke2 h5 23. g5 a6 24. h4 Rd5 25. Re4 b5 26. bxc5 Bxc5 27. c4 bxc4 28. Rxc4 Bb6 29. Rcc1 Kd7 30. Be3 Rxd1
31. Rxd1+ Ke7 32. Rc1 Kd7 33. Rb1 Kc6 34. Bxb6 cxb6 35. Ke3 Kb7 36. Rd1 Kc7 37. Rc1+ Kb7=
1/2-1/2

[Event "2008 Standard Chess Dropout Tournament, Round 4"]
[Site "SchemingMind.com"]
[Date "2008.12.06"]
[Round "4"]
[White "dadshane2000"]
[Black "traxla"]
[Result "1-0"]
[WhiteCountry "USA"]
[BlackCountry "USA"]
[WhiteElo "1937"]
[WhiteRD "78"]
[BlackElo "2060"]
[BlackRD "118"]
[GameID "181283"]

1. e4 c5 2. Nf3 Nc6 3. Bb5 d6 4. O-O Bg4 5. h3 Bh5 6. c3 Nf6 7. d4 Qb6 8. Na3 O-O-O 9. Re1 cxd4 10. Bxc6 Qxc6
11. Qxd4 e5 12. Qxa7 Nxe4 13. Qe3 f5 14. Nc2 Be7 15. Nb4 Qc5 16. Rd1 d5 17. Nd3
1-0

[Event "2008 Standard Chess Dropout Tournament, Round 4"]
[Site "SchemingMind.com"]
[Date "2008.12.04"]
[Round "4"]
[White "demiurg"]
[Black "fjpv"]
[Result "1/2-1/2"]
[WhiteCountry "HUN"]
[BlackCountry "POR"]
[WhiteElo "2313"]
[WhiteRD "74"]
[BlackElo "2400"]
[BlackRD "92"]
[GameID "181284"]

1. e4 e5 2. Nf3 d6 3. d4 exd4 4. Bc4 Nf6 5. Ng5 d5 6. exd5 Bb4+ 7. c3 Qe7+ 8. Be2 dxc3 9. Nxc3 Bg4 10. O-O Bxe2
11. Nxe2 O-O 12. a3 Re8 13. Ng3 Bd6 14. Qb3 Nbd7 15. Qxb7 h6 16. Nf3 Rab8 17. Qa6 Nxd5 18. Rd1 Qe6 19. Qc4 N7b6 20. Qc2 Bxg3
21. hxg3 Qe4 22. Qc5 Rbd8 23. b3 Nc3 24. Rxd8 Ne2+ 25. Kh2 Rxd8 26. Qe3 Re8 27. Qxe4 Rxe4 28. Be3 f6 29. Ra2 Nc3 30. Rc2 Ncd5
31. Bf4 Re7 32. Nd4 Re4 33. Nb5 Nxf4 34. gxf4 Rxf4 35. Nxa7 c5 36. Rxc5 Rxf2 37. a4 Nd7 38. Rc7 Ne5 39. Nc6 Nxc6 40. Rxc6 Rb2
41. Rb6 Ra2 42. Rb5=
1/2-1/2

[Event "2008 Standard Chess Dropout Tournament, Round 4"]
[Site "SchemingMind.com"]
[Date "2008.12.03"]
[Round "4"]
[White "dmichael"]
[Black "NimbleKnight"]
[Result "1-0"]
[WhiteCountry "USA"]
[BlackCountry "USA"]
[WhiteElo "2447"]
[WhiteRD "83"]
[BlackElo "1990"]
[BlackRD "119"]
[GameID "181285"]

1. d4 d5 2. c4 Nc6 3. Nc3 Nf6 4. Nf3 dxc4 5. d5 Na5 6. Qa4+ c6 7. b4 b5 8. Qxa5 Qxa5 9. bxa5 b4 10. Nd1 cxd5
11. g3 Bf5 12. Bg2 e6 13. Be3 Bd6 14. Nd4 Bg6 15. f4 Kd7 16. f5 Bxf5 17. Nxf5 exf5 18. Bd4 Be7 19. Ne3 Ke6 20. O-O g6
21. g4 fxg4 22. Bxf6 Bxf6 23. Bxd5+ Ke7 24. Rad1 Rad8 25. Nxg4 Rd6 26. Rxf6 Rxf6 27. Nxf6 Kxf6 28. Bxc4 Rc8 29. Bb3 Ke7 30. Rd4 Rc1+
31. Kg2 Re1 32. e4 Re2+ 33. Kg3 Re3+ 34. Kf4 Re2 35. Rxb4 Rxh2 36. Rb7+ Kd6 37. e5+ Kc5 38. Bxf7 Rxa2 39. Bxa2
1-0

[Event "2008 Standard Chess Dropout Tournament, Round 4"]
[Site "SchemingMind.com"]
[Date "2008.12.06"]
[Round "4"]
[White "fer_even"]
[Black "Apocalypse"]
[Result "1/2-1/2"]
[WhiteCountry "ARG"]
[BlackCountry "USA"]
[WhiteElo "2551"]
[WhiteRD "99"]
[BlackElo "2564"]
[BlackRD "68"]
[GameID "181286"]

1. d4 g6 2. e4 Bg7 3. Nc3 c5 4. Be3 Qa5 5. Nf3 d6 6. e5 Nc6 7. Bb5 Bd7 8. exd6 cxd4 9. Nxd4 exd6 10. O-O Nge7
11. Nb3 Qc7 12. Bf4 Ne5 13. Re1 O-O-O 14. Bxd7+ Qxd7 15. Ne4 d5 16. Nec5 Qd6 17. Nd3 N7c6 18. Nd4 Rhe8 19. Nxc6 bxc6 20. Qd2 Rd7
21. Qa5 Rde7 22. Qa6+ Kb8 23. Re3 f6 24. Rae1 Ka8 25. h4 Qc7 26. Bg3 Bf8 27. c4 Qb7 28. Qxb7+ Kxb7 29. Nxe5 fxe5 30. cxd5 cxd5
31. Rxe5 Kb6 32. Kf1 a5 33. a4 Rxe5 34. Bxe5 Kc6 35. Bd4 Rb8 36. Re6+ Kd7 37. Rb6 Re8 38. Rb7+ Kc6 39. Rxh7 Re4 40. Bf6 Rf4
41. Ra7 Rxa4 42. Ra8 Bb4 43. g3 Ra1+ 44. Kg2 Re1 45. g4 Re6 46. Ra6+ Kd7 47. Rxe6 Kxe6 48. Bd4 a4 49. f4 Be7 50. h5 gxh5
51. f5+ Kf7 52. gxh5 a3 53. bxa3 Bxa3 54. Kf2 Bc1 55. Be3 Bb2 56. Kf3 Bf6 57. Kg4=
1/2-1/2

[Event "2008 Standard Chess Dropout Tournament, Round 4"]
[Site "SchemingMind.com"]
[Date "2008.12.06"]
[Round "4"]
[White "fjpv"]
[Black "Sebastian Strauchler"]
[Result "1/2-1/2"]
[WhiteCountry "POR"]
[BlackCountry "ARG"]
[WhiteElo "2400"]
[WhiteRD "92"]
[BlackElo "2242"]
[BlackRD "115"]
[GameID "181287"]

1. e4 c5 2. d4 cxd4 3. c3 dxc3 4. Nxc3 Nc6 5. Nf3 e6 6. Bc4 d6 7. O-O Nf6 8. Qe2 Be7 9. Rd1 e5 10. Be3 O-O
11. h3 Be6 12. Rac1 Rc8 13. a3 Nd4 14. Rxd4 exd4 15. Bxe6 fxe6 16. Nxd4 Qd7 17. Rd1 a6 18. Qc2 d5 19. Qb3 b5 20. exd5 exd5
21. Nf3 Kh8 22. Bd4 Qb7 23. a4 b4 24. Bxf6 Bxf6 25. Nxd5 a5 26. Nxf6 Rxf6 27. Ne5 Qa7 28. Qg3 Rcf8 29. Rd2 Rf5 30. Kh2 Qe7
31. Rd5 Kg8 32. f3 Qc7 33. Qg4 g6 34. Qd4 g5 35. Rc5 Qb8 36. Rxa5 Re8 37. Rb5 Qc7 38. Rc5 Qb8 39. Qc4+ Kh8 40. Rb5 Qd6
41. Qc6 Qxc6 42. Nxc6 Rxb5 43. axb5 Re6 44. Kg3=
1/2-1/2

[Event "2008 Standard Chess Dropout Tournament, Round 4"]
[Site "SchemingMind.com"]
[Date "2008.12.06"]
[Round "4"]
[White "HanadaNo3"]
[Black "Orange Lion"]
[Result "1-0"]
[WhiteCountry "USA"]
[BlackCountry "NED"]
[WhiteElo "2435"]
[WhiteRD "76"]
[BlackElo "2309"]
[BlackRD "89"]
[GameID "181290"]

1. e4 e6 2. d4 d5 3. Nc3 Bb4 4. e5 c5 5. a3 Bxc3+ 6. bxc3 Ne7 7. Qg4 O-O 8. Bd3 Nbc6 9. Qh5 Ng6 10. Nf3 Qc7
11. O-O c4 12. Be2 f6 13. Re1 fxe5 14. Ng5 h6 15. Nxe6 Bxe6 16. Qxg6 Rf6 17. Qg3 Rc8 18. dxe5 Qxe5 19. Qxe5 Nxe5 20. f4 Ng6
21. g3 Bf5= 22. Bf3 Rd6 23. Be3 b6 24. Rad1 Rcd8 25. Rd2 Be4 26. Bxe4 dxe4 27. Rxd6 Rxd6 28. Bf2 e3 29. Rxe3 Rd1+ 30. Kg2 Kf7
31. Re4 Ra1 32. Rxc4 Rxa3 33. Rc7+ Ne7 34. g4 Ke8 35. f5 h5 36. f6 gxf6 37. gxh5 Nf5 38. c4 Ra2 39. c5 b5 40. c3 a5
41. Rb7 Nh4+ 42. Kg3 Nf5+ 43. Kf3 Ra3 44. Ke4
1-0

[Event "2008 Standard Chess Dropout Tournament, Round 4"]
[Site "SchemingMind.com"]
[Date "2008.12.01"]
[Round "4"]
[White "Ilang"]
[Black "HanadaNo3"]
[Result "1/2-1/2"]
[WhiteCountry "HUN"]
[BlackCountry "USA"]
[WhiteElo "2379"]
[WhiteRD "74"]
[BlackElo "2440"]
[BlackRD "79"]
[GameID "181293"]

1. e4 e5 2. Nf3 Nc6 3. Bb5 a6 4. Ba4 Nf6 5. O-O Be7 6. Re1 b5 7. Bb3 O-O 8. c3 d5 9. exd5 Nxd5 10. Nxe5 Nxe5
11. Rxe5 c6 12. d4 Bd6 13. Re1 Qh4 14. g3 Qh3 15. Be3 Bg4 16. Qd3 Rae8 17. Nd2 f5 18. Qf1 Qh5 19. f4 Kh8 20. Bxd5 cxd5
21. a4 bxa4 22. Rxa4 g5 23. Raa1 a5 24. fxg5 Rxe3 25. Rxe3 f4 26. Rf3 Bxf3 27. Qxf3 Qxg5 28. g4 Bc7 29. Re1 Rb8 30. b3 h5
31. h3 Rg8 32. Kf1 hxg4 33. hxg4 Qxg4 34. Qh1+ Kg7 35. Qxd5 Qh3+ 36. Qg2+ Qxg2+ 37. Kxg2 Kf6+ 38. Kf1 Rh8 39. Ke2=
1/2-1/2

[Event "2008 Standard Chess Dropout Tournament, Round 4"]
[Site "SchemingMind.com"]
[Date "2008.12.06"]
[Round "4"]
[White "Sebastian Strauchler"]
[Black "Ashmaster"]
[Result "1-0"]
[WhiteCountry "ARG"]
[BlackCountry "IRL"]
[WhiteElo "2242"]
[WhiteRD "115"]
[BlackElo "1978"]
[BlackRD "97"]
[GameID "181294"]

1. e4 e5 2. Nf3 Nc6 3. Bc4 Bc5 4. O-O Nf6 5. d4 Bxd4 6. Nxd4 Nxd4 7. f4 d6 8. fxe5 dxe5 9. Bg5 Be6 10. Na3 Qe7
11. c3 Bxc4 12. Nxc4 Ne6 13. Bxf6 Qc5+ 14. Kh1 Qxc4 15. Bxe5 O-O 16. Qg4 Kh8 17. Rf6 Nc5 18. Bd4 Nd3 19. b3 Qb5 20. Rf5 Nf2+
21. Rxf2
1-0

[Event "2008 Standard Chess Dropout Tournament, Round 4"]
[Site "SchemingMind.com"]
[Date "2008.12.06"]
[Round "4"]
[White "king3012"]
[Black "Tanis"]
[Result "1-0"]
[WhiteCountry "AUT"]
[BlackCountry "CHN"]
[WhiteElo "2457"]
[WhiteRD "108"]
[BlackElo "2037"]
[BlackRD "76"]
[GameID "181296"]

1. Nf3 Nf6 2. c4 e6 3. Nc3 Bb4 4. Qc2 O-O 5. b3 d5 6. e3 c5 7. Bb2 dxc4 8. Bxc4 b6 9. Ne4 Bb7 10. Nxf6+ gxf6
11. a3 Ba5 12. h4 e5 13. Qf5 Ba6 14. Ng5 fxg5 15. hxg5 Qxd2+ 16. Kf1 Bxc4+ 17. bxc4
1-0

[Event "2008 Standard Chess Dropout Tournament, Round 4"]
[Site "SchemingMind.com"]
[Date "2008.12.06"]
[Round "4"]
[White "John Elburg"]
[Black "pjl1015"]
[Result "1/2-1/2"]
[WhiteCountry "NED"]
[BlackCountry "USA"]
[WhiteElo "2372"]
[WhiteRD "92"]
[BlackElo "2431"]
[BlackRD "89"]
[GameID "181297"]

1. e4 d5 2. exd5 Qxd5 3. Nc3 Qa5 4. d4 Nf6 5. Nf3 Bg4 6. h3 Bh5 7. g4 Bg6 8. Ne5 Nbd7 9. Nc4 Qa6 10. Bf4 Qe6+
11. Ne3 Qb6 12. Nc4 Qe6+ 13. Ne3 Qb6 14. Nc4 Qe6+ 15. Ne3
1/2-1/2

[Event "2008 Standard Chess Dropout Tournament, Round 4"]
[Site "SchemingMind.com"]
[Date "2008.12.06"]
[Round "4"]
[White "Mariazb"]
[Black "Theodoric"]
[Result "1-0"]
[WhiteCountry "ARG"]
[BlackCountry "ENG"]
[WhiteElo "2306"]
[WhiteRD "89"]
[BlackElo "2020"]
[BlackRD "70"]
[GameID "181298"]

1. c4 e5 2. Nc3 Nf6 3. Nf3 Nc6 4. g3 Bb4 5. Bg2 O-O 6. O-O e4 7. Ng5 Bxc3 8. bxc3 Qe7 9. d3 exd3 10. exd3 Qc5
11. Bf4 d6 12. Rb1 Rb8 13. Rb5 Qa3 14. Bxc6 Qa6 15. Bg2 Qxa2 16. Qa1 Qxa1 17. Rxa1 a6 18. Rxa6 bxa6 19. Rxb8 Bf5 20. Rb7 Bxd3
21. Rxc7 Rb8 22. Bf1 Bxf1 23. Kxf1
1-0